000 00612nam a2200181 a 4500
008 120416s1993 ||||||||||||||||| || u
020 _a039563704X
050 _aHD 31 Gri
100 _aGriffin, Ricky W
245 1 0 _aManagement
250 _a4th ed.
260 _aBoston
_bHoughton Mifflin
_c1993
300 _axxxv, 716p. : ill.
350 _a0.00
500 _aIncludes bibliographical references (p. 643-673) and index.
650 0 _aMANAGEMENT
995 _D0.00
_FCBU-MAIN LIBRARY (Kitwe)
_H1
_I19.95
_M1
_UAVAILABLE
_ZMain Library Open Access Collection
999 _c49832
_d49832